| 000 | 00654nam a2200205Ia 4500 | ||
|---|---|---|---|
| 003 | GCL | ||
| 008 | 140319s9999 xx 000 0 ara d | ||
| 040 |
_aGCL / _cGCL |
||
| 082 | 0 | 4 |
_a327.12 _bرج |
| 100 | 1 | _aرياض نجيب الريس | |
| 245 | 1 | 0 |
_aجواسيس العرب: صراع المخابرات الاجنبية / _cرياض نجيب الريس |
| 260 |
_a[S.N] : _bرياض الريس للكتب والنشر ، _c1990 |
||
| 300 | _a286 ص | ||
| 490 | _a | ||
| 650 | 0 | 4 | _aالمخابرات |
| 650 | 0 | 4 | _aالوطن العربى |
| 650 | 0 | 4 | _aالعلاقات الخارجية |
| 650 | 0 | 4 | _aالامن القومى |
| 942 |
_2ddc _cBK |
||
| 999 |
_c55521 _d55521 |
||